| Поле | Инд. | ПП | Название | Значение |
|---|---|---|---|---|
| Тип записи | a | |||
| Библиографический уровень | a | |||
| 001 | Контрольный номер | f8d7979a1f774c77ad81bae1bc0ba0d3 | ||
| 005 | Дата корректировки | 20201008142029.7 | ||
| 040 | a | Служба первич. каталог. | НБ ТвГУ | |
| b | Код языка каталог. | rus | ||
| e | Правила каталог. | PSBO | ||
| 041 | 0_ | a | Код языка текста | rus |
| 097 | b | Оператор | Komarova.ES | |
| 098 | b | Факультет | Психологии | |
| c | Кафедра | Психология труда и клиническая психология | ||
| 100 | 1_ | a | Автор | Короткина Татьяна Ильинична |
| q | Полное имя | Короткина Т. И. | ||
| 245 | 10 | a | Заглавие | Неформальные отношения руководителя с подчиненными как фактор интегральных психологических характеристик организации |
| 260 | a | Место издания | Тверь | |
| b | Издательство | Тверской государственный университет | ||
| 504 | a | Библиография | Библиогр.: с. 102 (8 назв.) | |
| 520 | 0_ | a | Аннотация | Статья посвящена неформальным отношениям руководителя с подчиненными как фактор интегральных психологических характеристик организации. |
| 653 | 0_ | a | Ключевые слова | Социально-психологический климат |
| a | Ключевые слова | Психология | ||
| a | Ключевые слова | Труды Тверского государственного университета | ||
| a | Ключевые слова | Руководитель | ||
| a | Ключевые слова | Подчиненный | ||
| 700 | 12 | a | Другие авторы | Короткина Елена Дмитриевна |
| q | Полное имя | Короткина Е. Д. | ||
| 773 | 18 | w | Контрольный № источника | 2e95caa5738f4ef8b5048eb0bf62a7e8 |
| t | Название источника | Психология труда, организации и управления в условиях современных технологий | ||
| d | Место и дата издания | Тверь : Тверской государственный университет, 2020 | ||
| g | Прочая информация | С. 97-103 | ||
| 856 | 40 | u | URL | http://texts.lib.tversu.ru/texts/149723t.pdf |
| x | Примечание для ЭОР | Справка УИС 2020 | ||
| x | Примечание для ЭОР | Реестр суммарного учета сетевых локальных документов | ||
| i | Дата подключения ЭОР | 20201008 | ||
| 901 | t | Тип документа | a | |
| 920 | a | Оператор | Кома | |
| 954 | b | Дата поступления в ОК | 20200924 |